Teen Wolf - Statistics

General Stats
  • This quiz has been taken 294 times
  • The average score is 14 of 15
Answer Stats
Hint Answer % Correct
True Alpha Scott McCall
100%
True Alpha's 1st girlfriend/huntress Allison Argent
99%
Sourwolf Derek Hale
99%
Sourwolf's uncle Peter Hale
99%
True Alpha's best friend Stiles Stilinski
99%
True Alpha's 1st beta Liam Dunbar
98%
Huntress' father Chris Argent
96%
Sourwolf's 2nd beta Erica Reyes
95%
Sourwolf's 1st beta Isaac Lahey
95%
Sourwolf's final beta Vernon Boyd
94%
Huntress' grandfather Gerard Argent
91%
1st beta's best friend Mason Hewitt
88%
1st Chimera Theo Raeken
87%
"I'm gonna rip your throat out..." "with my teeth"
72%
1st beta's old enemy Brett Talbot
69%
No matching quizzes found
Score Distribution
Percent of People with Each Score
Percentile by Number Answered
Your Score History
You have not taken this quiz